00779pam a2200181 a 4500020001900000041000800019082001600027100001400043245005500057260003700112300001200149653005700161700001700218930000900235999001700244952016800261952016800429 a1403-92968-8c aeng a001.42bRAM aRaman A . aA Handbook of Research Process hTextual Documents a[s.l]:bMacmillan India ,c2006. a172 pg. aA Handbook of Research Process, Research Methodology aNimmogadda . a3888 c80807d80807 001040708Text BooksaYMPbYMPd2021-04-05eBharati Sahakari Madhyavarti Grahak Bhandarg185.00l0o001.42 RAMpYMP-18800r2023-02-24 00:00:00t2w2023-02-24yBK 001040708Text BooksaYMPbYMPd2021-04-05eBharati Sahakari Madhyavarti Grahak Bhandarg185.00l0o001.42 RAMpYMP-18799r2023-02-24 00:00:00t1w2023-02-24yBK